[Event "Guernsey op 46th"]
[Site "St James"]
[Date "2022.10.21"]
[Round "6"]
[White "Johnsen, Gunnar"]
[Black "Kraft, Karl Heinz"]
[Result "1/2-1/2"]
[WhiteElo "2121"]
[BlackElo "1989"]
[PlyCount "57"]
[EventDate "2022.10.16"]
[EventType "swiss"]
[EventRounds "7"]
[EventCountry "GCI"]
[SourceTitle "EXT 2024"]
[Source "ChessBase"]
[SourceDate "2023.10.10"]
[SourceVersion "1"]
[SourceVersionDate "2023.10.10"]
[SourceQuality "1"]

1. d4 f5 2. g3 Nf6 3. Bg2 d6 4. Nf3 g6 5. 0-0 Bg7 6. c4 0-0 7. Nc3 Qe8 8. d5 a5 9. Nd4 Na6 10. e4 fxe4 11. Nxe4 Nxe4 12. Bxe4 Bh3 13. Re1 Nc5 14. Bh1 Qd7 15. Bg5 Rae8 16. Qd2 a4 17. Rab1 Qg4 18. Be3 e5 19. dxe6 c6 20. b4 axb3 21. axb3 Nxe6 22. Nxe6 Rxe6 23. f3 Qf5 24. Bf2 Rfe8 25. g4 Rxe1+ 26. Rxe1 Rxe1+ 27. Qxe1 Qe5 28. Qxe5 Bxe5 29. Bg2 1/2-1/2

[Event "Olomouc Seniors op"]
[Site "Olomouc"]
[Date "2022.08.17"]
[Round "6"]
[White "Johnsen, Gunnar"]
[Black "Dvorak, Vladimir"]
[Result "1-0"]
[WhiteElo "2137"]
[BlackElo "1900"]
[PlyCount "89"]
[EventDate "2022.08.13"]
[EventType "swiss"]
[EventRounds "9"]
[EventCountry "CZE"]
[SourceTitle "CBM 209 Extra"]
[Source "ChessBase"]
[SourceDate "2022.09.30"]
[SourceVersion "1"]
[SourceVersionDate "2022.09.30"]
[SourceQuality "1"]

1. d4 e6 2. c4 f5 3. g3 Nf6 4. Bg2 Be7 5. Nf3 0-0 6. 0-0 d6 7. Nc3 Qe8 8. b3 Nbd7 9. Qc2 Qh5 10. Ba3 Ng4 11. h3 Nh6 12. e4 g5 13. exf5 exf5 14. Nd5 Bd8 15. Rae1 Nf6 16. Ne7+ Kf7 17. Nxc8 Rxc8 18. Bc1 g4 19. Ng5+ Kg8 20. h4 c6 21. Bf4 Bc7 22. Re7 Rfe8 23. Qe2 Kf8 24. Qe6 Rxe7 25. Qxc8+ Qe8 26. Qxb7 Bb8 27. Qxc6 Qxc6 28. Bxc6 Nh5 29. Bd5 Nxf4 30. gxf4 Ng8 31. Ne6+ Ke8 32. Re1 a5 33. Re3 Nh6 34. Kg2 Ba7 35. Nc7+ Kd7 36. Rxe7+ Kxe7 37. Nb5 Bb6 38. a3 Kd7 39. b4 Bd8 40. Kg3 axb4 41. axb4 Bf6 42. c5 dxc5 43. bxc5 Bd8 44. c6+ Ke7 45. Bc4 1-0

[Event "Bad Griesbach Seniors op 23rd"]
[Site "Bad Griesbach"]
[Date "2021.11.17"]
[Round "4"]
[White "Hafner, Robert"]
[Black "Johnsen, Gunnar"]
[Result "1/2-1/2"]
[WhiteElo "2029"]
[BlackElo "2178"]
[PlyCount "53"]
[EventDate "2021.11.14"]
[EventType "swiss"]
[EventRounds "7"]
[EventCountry "GER"]
[SourceTitle "EXT 2024"]
[Source "ChessBase"]
[SourceDate "2023.10.10"]
[SourceVersion "1"]
[SourceVersionDate "2023.10.10"]
[SourceQuality "1"]

1. d4 e6 2. Nf3 f5 3. e3 Nf6 4. Be2 Be7 5. 0-0 0-0 6. b3 b6 7. Bb2 Bb7 8. Nbd2 Ne4 9. c4 Bf6 10. Ne5 d6 11. Nd3 Nxd2 12. Qxd2 e5 13. dxe5 dxe5 14. Rad1 Nc6 15. Qc1 Qe8 16. Ba3 Rf7 17. Nb4 Nxb4 18. Bxb4 c5 19. Bc3 Rd8 20. Rxd8 Bxd8 21. Rd1 Bc7 22. Qb2 Re7 23. Bf1 Bc6 24. g3 Bf3 25. Be2 Bc6 26. Bf1 Bf3 27. Be2 1/2-1/2

[Event "Bad Griesbach Seniors op 23rd"]
[Site "Bad Griesbach"]
[Date "2021.11.15"]
[Round "2"]
[White "Johnsen, Gunnar"]
[Black "Klein, Reinhard"]
[Result "1-0"]
[WhiteElo "2178"]
[BlackElo "1868"]
[PlyCount "55"]
[EventDate "2021.11.14"]
[EventType "swiss"]
[EventRounds "7"]
[EventCountry "GER"]
[SourceTitle "EXT 2024"]
[Source "ChessBase"]
[SourceDate "2023.10.10"]
[SourceVersion "1"]
[SourceVersionDate "2023.10.10"]
[SourceQuality "1"]

1. d4 Nf6 2. Nf3 d5 3. c4 e6 4. Nc3 Bb4 5. cxd5 Nxd5 6. Bd2 0-0 7. e4 Nxc3 8. bxc3 Be7 9. Bc4 c5 10. 0-0 Nc6 11. Be3 Qc7 12. Qe2 Na5 13. Bd3 c4 14. Bc2 b6 15. Ng5 f6 16. Nh3 e5 17. Qh5 Be6 18. f4 g6 19. Qf3 Qd7 20. f5 Bf7 21. dxe5 fxe5 22. Bh6 Bc5+ 23. Kh1 Rfe8 24. Ng5 Kh8 25. Qh3 Bg8 26. fxg6 Be6 27. Nf7+ Kg8 28. gxh7+ 1-0

[Event "Ortisei Server24 op 4th"]
[Site "Ortisei"]
[Date "2018.06.22"]
[Round "7"]
[White "Johnsen, Gunnar"]
[Black "Thiel, Thomas"]
[Result "0-1"]
[WhiteElo "2188"]
[BlackElo "2261"]
[PlyCount "62"]
[EventDate "2018.06.16"]
[EventType "tourn"]
[EventRounds "9"]
[EventCountry "ITA"]
[SourceTitle "CBM 185 Extra"]
[Source "ChessBase"]
[SourceDate "2018.07.29"]
[SourceVersion "1"]
[SourceVersionDate "2018.07.29"]
[SourceQuality "1"]

1. Nf3 d5 2. c4 c6 3. d4 Nf6 4. cxd5 cxd5 5. Nc3 Nc6 6. Bf4 Bf5 7. e3 e6 8. Qb3 Bb4 9. Bb5 0-0 10. Bxc6 Bxc3+ 11. Qxc3 Ne4 12. Qa3 bxc6 13. 0-0 Qb6 14. Rfc1 Rfc8 15. Ne5 c5 16. f3 cxd4 17. fxe4 Bxe4 18. Nf3 d3 19. Qb3 f6 20. Qxb6 axb6 21. a3 Kf7 22. Bd6 e5 23. Nd2 Ke6 24. Nxe4 dxe4 25. Bb4 f5 26. Bd2 g5 27. g3 Kd5 28. b3 Rxc1+ 29. Bxc1 Rc8 30. Bd2 Rc2 31. Rd1 Rb2 0-1

[Event "Bad Woerishofen op 34th"]
[Site "Bad Woerishofen"]
[Date "2018.02.24"]
[Round "2"]
[White "Johnsen, Gunnar"]
[Black "Boldt, Heinrich"]
[Result "1-0"]
[WhiteElo "2174"]
[BlackElo "1853"]
[PlyCount "61"]
[EventDate "2018.02.23"]
[EventType "swiss"]
[EventRounds "9"]
[EventCountry "GER"]
[SourceTitle "CBM 183 Extra"]
[Source "ChessBase"]
[SourceDate "2018.04.19"]
[SourceVersion "1"]
[SourceVersionDate "2018.04.19"]
[SourceQuality "1"]

1. c4 Nf6 2. Nc3 c6 3. e4 d6 4. d4 Nbd7 5. Nf3 e5 6. Be2 Be7 7. 0-0 Qc7 8. h3 Nf8 9. Be3 Ng6 10. Rc1 Bd7 11. Qd2 h6 12. b4 exd4 13. Nxd4 Qc8 14. f4 h5 15. Nf3 h4 16. f5 Ne5 17. Nxe5 dxe5 18. c5 Nh5 19. Bg5 Qd8 20. Bxe7 Qxe7 21. Bxh5 Rxh5 22. Qe2 Qg5 23. Nd1 0-0-0 24. Ne3 Rdh8 25. Nc4 Qe7 26. Nd6+ Kc7 27. a4 Bc8 28. Qc4 Rf8 29. b5 g6 30. f6 Qe6 31. Qb4 1-0

[Event "Guernsey op 43rd"]
[Site "Vale"]
[Date "2017.10.19"]
[Round "5"]
[White "Jackson, Oliver A"]
[Black "Johnsen, Gunnar"]
[Result "1/2-1/2"]
[WhiteElo "2168"]
[BlackElo "2178"]
[PlyCount "65"]
[EventDate "2017.10.15"]
[EventType "swiss"]
[EventRounds "7"]
[EventCountry "GCI"]
[SourceTitle "CBM 181 Extra"]
[Source "ChessBase"]
[SourceDate "2017.12.12"]
[SourceVersion "1"]
[SourceVersionDate "2017.12.12"]
[SourceQuality "1"]

1. e4 e6 2. d4 d5 3. Nc3 Bb4 4. e5 Ne7 5. a3 Bxc3+ 6. bxc3 c5 7. Nf3 Bd7 8. a4 Qa5 9. Bd2 Nbc6 10. Bb5 a6 11. Bxc6 Bxc6 12. 0-0 h6 13. Re1 c4 14. Bc1 Bxa4 15. Ba3 b5 16. Qd2 Nc6 17. Re3 0-0-0 18. Qc1 Rd7 19. Nd2 Qd8 20. Bc5 Rb7 21. Qb2 Qd7 22. Bd6 f5 23. Nb3 Bxb3 24. cxb3 a5 25. Qa3 cxb3 26. Qxb3 a4 27. Qa3 Na5 28. Ree1 Qc6 29. Qb4 Nc4 30. Bc5 Kd7 31. h4 Ra8 32. Ra2 Ke8 33. Qb1 1/2-1/2

[Event "Guernsey op 43rd"]
[Site "Vale"]
[Date "2017.10.16"]
[Round "2"]
[White "Johnsen, Gunnar"]
[Black "Morcom, Huw"]
[Result "1-0"]
[WhiteElo "2178"]
[BlackElo "1936"]
[PlyCount "81"]
[EventDate "2017.10.15"]
[EventType "swiss"]
[EventRounds "7"]
[EventCountry "GCI"]
[SourceTitle "CBM 181 Extra"]
[Source "ChessBase"]
[SourceDate "2017.12.12"]
[SourceVersion "1"]
[SourceVersionDate "2017.12.12"]
[SourceQuality "1"]

1. d4 Nf6 2. c4 d6 3. Nc3 e5 4. Nf3 Nbd7 5. e4 h6 6. g3 Be7 7. Bg2 0-0 8. 0-0 c6 9. Rb1 Re8 10. h3 Bf8 11. Re1 Qc7 12. d5 c5 13. Bf1 Nh7 14. a3 g6 15. b4 a6 16. Bd2 Bg7 17. Kh2 Rf8 18. Nh4 Qd8 19. Na4 f5 20. Nxg6 Rf6 21. exf5 Rxf5 22. f4 Nhf8 23. Bd3 Rf6 24. Nxf8 Qxf8 25. Qh5 b5 26. cxb5 axb5 27. Bxb5 Rf5 28. Qg6 Rf6 29. Qe4 Rf5 30. Bxd7 Bxd7 31. Nb6 Ra7 32. Nxd7 Rxd7 33. g4 Rff7 34. f5 cxb4 35. axb4 Ra7 36. Ra1 Qa8 37. Rxa7 Rxa7 38. Kg3 Ra2 39. Re2 Qa3+ 40. Qf3 Qb2 41. f6 1-0

[Event "Bodensee op"]
[Site "Bregenz"]
[Date "2017.05.23"]
[Round "4"]
[White "Johnsen, Gunnar"]
[Black "Sarmir, Milos"]
[Result "0-1"]
[WhiteElo "2203"]
[BlackElo "2096"]
[PlyCount "114"]
[EventDate "2017.05.20"]
[EventType "swiss"]
[EventRounds "9"]
[EventCountry "AUT"]
[SourceTitle "CBM 178 Extra"]
[Source "ChessBase"]
[SourceDate "2017.06.22"]
[SourceVersion "1"]
[SourceVersionDate "2017.06.22"]
[SourceQuality "1"]

1. d4 Nf6 2. c4 e6 3. Nc3 d5 4. Nf3 c6 5. cxd5 cxd5 6. Bf4 Nc6 7. e3 a6 8. Rc1 Be7 9. Bd3 0-0 10. h3 Bd7 11. 0-0 Nh5 12. Bh2 g6 13. Na4 Qa5 14. Nc3 Rac8 15. Qe2 f5 16. Ne5 Nxe5 17. Bxe5 Nf6 18. f3 Bc6 19. a3 Qd8 20. Rc2 Bd6 21. Bxd6 Qxd6 22. Rfc1 e5 23. dxe5 Qxe5 24. Qf2 f4 25. exf4 Qxf4 26. Ne2 Qe5 27. Nd4 Bd7 28. b4 Rxc2 29. Rxc2 Nh5 30. Ne2 Qa1+ 31. Rc1 Qxa3 32. Qd4 Nf4 33. Rc3 Nxe2+ 34. Bxe2 Qa1+ 35. Kh2 Be6 36. Qe3 Bf7 37. Rc7 Re8 38. Re7 Rxe7 39. Qxe7 b6 40. Bd3 b5 41. h4 Qd4 42. h5 Qf4+ 43. Kh3 Qh6 44. g4 gxh5 45. Qd8+ Kg7 46. g5 Qe6+ 47. Kg3 h6 48. Kf4 hxg5+ 49. Qxg5+ Kf8 50. Qd8+ Be8 51. Bf5 Qh6+ 52. Ke5 Qe3+ 53. Kf6 Qc3+ 54. Kg5 Qg7+ 55. Kf4 Qe7 56. Qxd5 Qxb4+ 57. Be4 Qe7 0-1

[Event "Bodensee op"]
[Site "Bregenz"]
[Date "2015.05.10"]
[Round "2"]
[White "Johnsen, Gunnar"]
[Black "Kasparov, Sergey"]
[Result "0-1"]
[WhiteElo "2134"]
[BlackElo "2502"]
[PlyCount "80"]
[EventDate "2015.05.09"]
[EventType "swiss"]
[EventRounds "9"]
[EventCountry "AUT"]
[SourceTitle "CBM 166 Extra"]
[Source "ChessBase"]
[SourceDate "2015.06.18"]
[SourceVersion "1"]
[SourceVersionDate "2015.06.18"]
[SourceQuality "1"]

1. d4 Nf6 2. c4 c5 3. d5 b5 4. Nf3 Bb7 5. Qc2 bxc4 6. e4 e6 7. Bxc4 exd5 8. exd5 d6 9. 0-0 Be7 10. Nc3 Nbd7 11. Bg5 0-0 12. Rad1 h6 13. Bf4 Nb6 14. b3 Nh5 15. Bc1 Bc8 16. h3 Nxc4 17. bxc4 f5 18. Bb2 Rb8 19. Ne2 f4 20. Bc3 Bf5 21. Qa4 Rb7 22. Rfe1 Qd7 23. Qxd7 Rxd7 24. Nc1 Rb8 25. Rd2 Bf6 26. Bxf6 Nxf6 27. Nb3 Kf8 28. Nh4 Be4 29. f3 Bh7 30. Re6 Kf7 31. g4 fxg3 32. f4 Rb4 33. Na5 Ra4 34. Nc6 Rxc4 35. Nf3 Rc1+ 36. Kg2 Be4 37. Rxe4 Nxe4 38. Re2 Nf6 39. Nfe5+ dxe5 40. Nxe5+ Kf8 0-1

[Event "Lille Luce op 5th"]
[Site "Lille"]
[Date "2014.05.02"]
[Round "6"]
[White "Farrington, Edward"]
[Black "Johnsen, Gunnar"]
[Result "1/2-1/2"]
[WhiteElo "1869"]
[BlackElo "2130"]
[PlyCount "89"]
[EventDate "2014.04.28"]
[EventType "swiss"]
[EventRounds "9"]
[EventCountry "FRA"]
[SourceTitle "CBM 160 Extra"]
[Source "ChessBase"]
[SourceDate "2014.07.01"]
[SourceVersion "1"]
[SourceVersionDate "2014.07.01"]
[SourceQuality "1"]

1. Nc3 d5 2. e4 e6 3. Qe2 Be7 4. g3 Nf6 5. e5 Nfd7 6. f4 c5 7. Bg2 Nc6 8. Nf3 a6 9. 0-0 Qc7 10. d3 0-0 11. Nd1 b5 12. Nf2 a5 13. h4 Nd4 14. Nxd4 cxd4 15. c3 dxc3 16. bxc3 Ba6 17. Bb2 Nb6 18. Rac1 Rac8 19. Qg4 Na4 20. Ba1 Qd7 21. h5 h6 22. Qf3 Ba3 23. g4 Bxc1 24. Rxc1 b4 25. f5 Nxc3 26. Re1 Bb7 27. f6 g5 28. hxg6 fxg6 29. g5 h5 30. Nh3 Qf7 31. Nf4 Rc7 32. Bh3 Re8 33. Qg3 Kh7 34. Qh4 Bc8 35. Bg4 Kh8 36. Qh3 Rc6 37. Bxc3 bxc3 38. d4 c2 39. Rc1 Qa7 40. Ne2 Kg8 41. Qd3 hxg4 42. Qxg6+ Kf8 43. Rxc2 Rxc2 44. Qxc2 Ba6 45. g6 1/2-1/2

[Event "Marianske Lazne op 13th"]
[Site "Marianske Lazne"]
[Date "2014.01.22"]
[Round "6"]
[White "Mammadova, Narmin Fazahir Qizi"]
[Black "Johnsen, Gunnar"]
[Result "1/2-1/2"]
[WhiteElo "1986"]
[BlackElo "2156"]
[PlyCount "76"]
[EventDate "2014.01.18"]
[EventType "swiss"]
[EventRounds "9"]
[EventCountry "CZE"]
[SourceTitle "CBM 158 Extra"]
[Source "ChessBase"]
[SourceDate "2014.02.28"]
[SourceVersion "1"]
[SourceVersionDate "2014.02.28"]
[SourceQuality "1"]

1. e4 e6 2. d4 d5 3. exd5 exd5 4. Bd3 Nc6 5. c3 Bd6 6. Nf3 Nge7 7. Qc2 Bg4 8. Nbd2 Qd7 9. 0-0 f6 10. b4 Bf5 11. Nb3 Bxd3 12. Qxd3 Qf5 13. Qe2 0-0 14. Be3 Ng6 15. b5 Nd8 16. c4 Ne6 17. c5 Bf4 18. Qd2 Ng5 19. Nxg5 Qxg5 20. Bxf4 Nxf4 21. g3 Nh3+ 22. Kg2 Qxd2 23. Nxd2 Ng5 24. f4 Ne4 25. Nxe4 dxe4 26. Kf2 Rfd8 27. Ke3 f5 28. a4 a6 29. Rfb1 a5 30. Rg1 Rd5 31. Rad1 Rad8 32. Rd2 Kf7 33. h3 g6 34. g4 Rg8 35. Rdg2 Rb8 36. Rd2 Rg8 37. Rdg2 Rgd8 38. Rd2 Rg8 1/2-1/2

[Event "Nordic-ch Seniors"]
[Site "Bornholm"]
[Date "2013.09.11"]
[Round "5"]
[White "Nielsen, Jens Holm"]
[Black "Johnsen, Gunnar"]
[Result "1/2-1/2"]
[WhiteElo "1847"]
[BlackElo "2171"]
[PlyCount "89"]
[EventDate "2013.09.07"]
[EventType "swiss"]
[EventRounds "9"]
[EventCountry "DEN"]
[SourceTitle "CBM 156 Extra"]
[Source "ChessBase"]
[SourceDate "2013.10.22"]
[SourceVersion "1"]
[SourceVersionDate "2013.10.22"]
[SourceQuality "1"]

1. d4 e6 2. Nf3 f5 3. Bf4 Nf6 4. Nbd2 Be7 5. e3 b6 6. Bc4 Bb7 7. Qe2 0-0 8. h3 c5 9. c3 d5 10. Bb3 Ba6 11. c4 Nc6 12. Ba4 Na5 13. Bb5 Bxb5 14. cxb5 c4 15. 0-0 Qd7 16. a4 Rfc8 17. Ne5 Qe8 18. g4 Bb4 19. Ndf3 a6 20. Kh2 Ne4 21. Ng5 Nxg5 22. Bxg5 Nb3 23. Rad1 axb5 24. gxf5 exf5 25. axb5 Ra2 26. Qf3 Qe6 27. Nc6 Bf8 28. Qg2 Rxb2 29. Rb1 Rxb1 30. Rxb1 Qe4 31. Qxe4 fxe4 32. Rb2 Bd6+ 33. Kg2 Kf7 34. f3 exf3+ 35. Kxf3 Ke6 36. e4 Rf8+ 37. Ke3 Ba3 38. Rc2 Bc1+ 39. Rxc1 Nxc1 40. Bd8 Rxd8 41. Nxd8+ Kd7 42. Nc6 dxe4 43. Ne5+ Ke6 44. Nxc4 Na2 45. Nxb6 1/2-1/2

[Event "Bad Griesbach Seniors op 14th"]
[Site "Bad Griesbach"]
[Date "2011.12.09"]
[Round "6"]
[White "Johnsen, Gunnar"]
[Black "Macura, Emil"]
[Result "0-1"]
[WhiteElo "2137"]
[BlackElo "2229"]
[PlyCount "114"]
[EventDate "2011.12.04"]
[EventType "swiss"]
[EventRounds "7"]
[EventCountry "GER"]
[SourceTitle "EXT 2015"]
[Source "ChessBase"]
[SourceDate "2014.11.20"]
[SourceVersion "1"]
[SourceVersionDate "2014.11.20"]
[SourceQuality "1"]

1. d4 Nf6 2. c4 g6 3. Nc3 Bg7 4. e4 d6 5. Nf3 0-0 6. h3 Nbd7 7. Be3 c6 8. Bd3 e5 9. d5 cxd5 10. cxd5 a6 11. a4 a5 12. Nd2 b6 13. Qe2 Nc5 14. Bb5 Bb7 15. 0-0-0 Ne8 16. g4 Nc7 17. Bxc5 bxc5 18. Nc4 Rb8 19. Kc2 Na6 20. h4 Bf6 21. g5 Be7 22. f4 f6 23. gxf6 Bxf6 24. fxe5 Nb4+ 25. Kb1 dxe5 26. h5 g5 27. h6 Ba6 28. Ne3 Bc8 29. Qh5 Kh8 30. Rhg1 Qd6 31. Nc4 Qd8 32. Ne3 Rb6 33. Rdf1 Be7 34. Rxf8+ Qxf8 35. Nc4 Rxh6 36. Qd1 g4 37. Nxe5 Qg7 38. Qd2 Rh5 39. Nc4 Bg5 40. Qe2 Bf6 41. d6 Bd4 42. Rd1 Rh6 43. Nb6 Be6 44. d7 Bxd7 45. Nxd7 g3 46. Qf3 Rh2 47. e5 h5 48. Nf6 Qg6+ 49. Bd3 Nxd3 50. Qa8+ Kg7 51. Qg8+ Kh6 52. Qh8+ Kg5 53. Nce4+ Kh4 54. Rxd3 Rxb2+ 55. Kc1 g2 56. Rxd4 g1Q+ 57. Kxb2 Qxd4+ 0-1

[Event "Bad Griesbach Seniors op 14th"]
[Site "Bad Griesbach"]
[Date "2011.12.04"]
[Round "1"]
[White "Eglseder, Gottfried"]
[Black "Johnsen, Gunnar"]
[Result "0-1"]
[WhiteElo "1617"]
[BlackElo "2137"]
[PlyCount "82"]
[EventDate "2011.12.04"]
[EventType "swiss"]
[EventRounds "7"]
[EventCountry "GER"]
[SourceTitle "EXT 2015"]
[Source "ChessBase"]
[SourceDate "2014.11.20"]
[SourceVersion "1"]
[SourceVersionDate "2014.11.20"]
[SourceQuality "1"]

1. d4 e6 2. Nf3 f5 3. c3 Nf6 4. Bg5 Be7 5. Nbd2 d5 6. Ne5 Nbd7 7. Ndf3 0-0 8. e3 Ne4 9. Bxe7 Qxe7 10. Bd3 Nxe5 11. Nxe5 Bd7 12. Qe2 Be8 13. h4 c5 14. g3 Rb8 15. a4 a6 16. 0-0 Nf6 17. Kg2 Nd7 18. f4 Nxe5 19. dxe5 Bc6 20. Kg1 Qd7 21. Qf2 Bxa4 22. Ra3 Bb5 23. Rd1 Bxd3 24. Rxd3 Qc7 25. Qc2 Rfd8 26. Kh2 Rbc8 27. Qd2 a5 28. Ra1 b5 29. Rc1 a4 30. Rc2 Qb6 31. Qf2 b4 32. Rcd2 c4 33. Rd4 bxc3 34. bxc3 Qb3 35. Rc2 a3 36. Qd2 Ra8 37. Ra2 Rdb8 38. Kg2 Qxa2 39. Qxa2 Rb2+ 40. Rd2 Rxd2+ 41. Qxd2 a2 0-1

[Event "Bad Griesbach Seniors op 13th"]
[Site "Bad Griesbach"]
[Date "2010.12.05"]
[Round "1"]
[White "Mahrla, Hans"]
[Black "Johnsen, Gunnar"]
[Result "0-1"]
[WhiteElo "1553"]
[BlackElo "2217"]
[PlyCount "36"]
[EventDate "2010.12.05"]
[EventType "swiss"]
[EventRounds "7"]
[EventCountry "GER"]
[SourceTitle "EXT 2015"]
[Source "ChessBase"]
[SourceDate "2014.11.20"]
[SourceVersion "1"]
[SourceVersionDate "2014.11.20"]
[SourceQuality "1"]

1. e4 e6 2. d4 d5 3. e5 c5 4. c3 Qb6 5. Nf3 Nc6 6. Be2 Nh6 7. 0-0 cxd4 8. cxd4 Nf5 9. Nc3 Nfxd4 10. Nxd4 Qxd4 11. Qxd4 Nxd4 12. Bd3 Bd7 13. a3 Rc8 14. Bf4 Be7 15. Rac1 Nb3 16. Rc2 0-0 17. Ne2 Nc5 18. Rd1 Ba4 0-1